00749 2200265 4500001002100000005001700021035002400038040001200062082001600074084001600090090001800106100001700124245012800141250001200269260002700281300004000308500001100348650003500359700001200394700001700406850001200423990001600435990001600451990001600467YOGYA00000000010003720170804103734.0 0010-111300000000148 aYOPDYOG 2[23]a923.1 a923.1 Bar B aR 923.1 Bar B aBARTON, Greg aBiografi Gus Dur = The Authorized biography of Abdurrahman Wahidc/ Greg Braton ; penerjemah Lie Huz ; editor Ahmad Suaedy. aCet. 10 aYogyakartabLKISc2012 axxviii, 514 hlm.b: ilus.c; 23 cm. aIndeks aBiografi K.H Abdurrahman Wahid aLie Huz aAhmad Suaedy aYOPDYOG a3554/B.2013 a3555/B.2013 a3556/B.2013